Gestión de la calidad y diseño de organizaciones. Teoría y estudio de casos
Na minha lista:
| Main Authors: | , , |
|---|---|
| Formato: | Livro |
| Idioma: | espanhol |
| Publicado em: |
Madrid
Prentice Hall
2001
|
| Assuntos: | |
| Tags: |
Adicionar Tag
Sem tags, seja o primeiro a adicionar uma tag!
|
MARC
| LEADER | 00000nam a2200000 a 4500 | ||
|---|---|---|---|
| 001 | UCI5791 | ||
| 003 | CL-VaPUC | ||
| 008 | 080411e20010000SP |||||||||||||||||spa|d | ||
| 020 | |a 8420529826 | ||
| 082 | 0 | 4 | |a 658.4013 |b MOR |2 21 |
| 100 | |a Moreno-Luzón, María D. |e autora |9 528419 | ||
| 700 | 0 | |a Peris Bonet, Fernando J |e author |9 528420 | |
| 700 | 0 | |a González Cruz, Tomás |e author |9 528421 | |
| 245 | 1 | 0 | |a Gestión de la calidad y diseño de organizaciones. Teoría y estudio de casos |
| 300 | |a 432 p | ||
| 942 | |c BK | ||
| 945 | |d 20080411 00:00:00 |a rbrito | ||
| 260 | |a Madrid |b Prentice Hall |c 2001 | ||
| 650 | 0 | |a Control de calidad |9 259714 | |
| 650 | 0 | |a Organización |9 256369 | |
| 650 | 0 | |a Calidad total |9 259929 | |
| 650 | 7 | |a PLANIFICACION |2 CL-VaPUC |9 260802 | |
| 650 | 0 | |a Gestión organizacional |9 528422 | |
| 583 | |a last modification |c 20080411 00:00:00 |k Rodrigo Vera | ||
| 999 | |c 329481 |d 329479 | ||
| 952 | |0 0 |1 0 |4 0 |6 658_401300000000000_MOR_2001 |7 0 |8 A |9 414250 |a BIBING |b BIBING |d 2019-11-22 |i 4424409 |o 658.4013 MOR 2001 |p 4424409 |r 2025-01-20 |w 2019-11-22 |y BK |k CIC | ||